Tököl turizmusának fejlesztési lehetőségei

Bibliográfiai részletek
Szerző: Bohunka-Skultéti Rebeka Anita
További közreműködők: Kovács dr. Miklós
Dokumentumtípus: Diplomadolgozat
Kulcsszavak:Duna
nemzetiségek
repülőtér
turizmusfejlesztés
város
városelemzés
Online Access:http://dolgozattar.uni-bge.hu/59477

MARC

LEADER 00000nta a2200000 i 4500
001 dolg59477
005 20260409145121.0
008 260409suuuu hu om 000 hun d
040 |a BGE Dolgozattár Repozitórium  |b hun 
041 |a hu 
100 1 |a Bohunka-Skultéti Rebeka Anita 
245 1 0 |a Tököl turizmusának fejlesztési lehetőségei  |c Bohunka-Skultéti Rebeka Anita  |h [elektronikus dokumentum] 
520 3 |a Tököl városának turisztikai fejlesztési lehetőségeinek elemzésére került sor a szakdolgozatban. Mindemellett az olvasó megismerheti bővebben a város történetét, természeti kincseinek jellemzését, illetve nemzetiségi értékeinek sokszínűségét. Elemzést kap az olvasó a fejlesztéseket hátráltató tényezőkről is, annak érdekében, hogy a végső értékelésnél dönteni lehessen, merre billen a mérleg nyelve, ha arról van szó, hogy mennyire alkalmas célpont Tököl a turisztikai jellegű fejlesztések esetében. 
695 |a Duna 
695 |a nemzetiségek 
695 |a repülőtér 
695 |a turizmusfejlesztés 
695 |a város 
695 |a városelemzés 
700 1 |a Kovács dr. Miklós  |e ths 
856 4 0 |u http://dolgozattar.uni-bge.hu/59477/1/Bohunka-Skult%C3%A9ti%20Rebeka-XMRK1N-T%C3%B6k%C3%B6l%20turizmus%C3%A1nak%20fejleszt%C3%A9si%20lehet%C5%91s%C3%A9gei.pdf  |z Dokumentum-elérés 
856 4 0 |u http://dolgozattar.uni-bge.hu/59477/2/Bohunka-Skult%C3%A9ti%20Rebeka%20Anita%20b%C3%ADr%C3%A1lat%20MG.pdf  |z Dokumentum-elérés 
856 4 0 |u http://dolgozattar.uni-bge.hu/59477/3/Szakdolgozat%20%C3%A9rt%C3%A9kel%C5%91%20Bsc_Skult%C3%A9ti%20Rebeka.pdf  |z Dokumentum-elérés